000 01446pam a2200409 a 4500
001 2962671
003 OSt
005 20140310181953.0
008 910207s1991 cau j 000 0 eng
010 _a 91052607
020 _a0590445014
_c$6.00
040 _aDLC
_cDLC
_dDLC
042 _alcac
050 0 0 _aPZ 7
_b.St847 1977
082 0 0 _aKF Il6st
_bc1977.
100 2 _aAlwin-Hill, Raymond.
_94474
245 1 0 _aTreasure Island /
_bRobert Louis Stevenson
260 _aNew York :
_bWaldman & Son,
_cc1977.
300 _a64 p. ;
_c22 cm.
440 0 _aPlayers Press classicscripts
_94475
520 _aThe classic Robert Louis Stevenson story retold and adapted for the stage.
521 _aFaculty.
541 _j1
562 _e1
650 0 _aChildren's plays, American.
_94476
650 0 _aTreasure Island (Imaginary place)
_vDrama.
_94484
650 0 _aTreasure troves
_vDrama.
_94485
650 0 _aPirates
_vDrama.
_94486
650 1 _aBuried treasure
_vDrama.
_94487
650 1 _aPirates
_vDrama.
_94488
650 1 _aAdventure and adventurers
_vDrama.
_94489
650 1 _aPlays.
_91066
700 1 _aStevenson, Robert Louis,
_d1850-1894.
_tTreasure Island.
_94490
906 _a7
_bcbc
_corignew
_d1
_eocip
_f19
_gy-gencatlg
942 _2lcc
_cBK-KF
_kKF
999 _c7899
_d7899